Bolivianos sin hado propicio

Guardado en:
Detalles Bibliográficos
Autor principal: Baptista Gumucio, Mariano (Autor)
Formato: Libro
Lenguaje:español
Publicado: La Paz Garza Azul 2002
Materias:
Etiquetas: Agregar Etiqueta
Sin Etiquetas, Sea el primero en etiquetar este registro!

MARC

LEADER 00000nam a2200000 a 4500
001 UCJ0888
003 CL-VaPUC
008 060908e20020000BO |||||||||||||||||spa|d
082 0 4 |a 907.84  |b BAP  |2 21 
100 0 |a Baptista Gumucio, Mariano  |e author  |9 501323 
245 1 0 |a Bolivianos sin hado propicio 
300 |a 292 p 
942 |c BK 
945 |d 20060908 00:00:00  |a jtorresc 
260 |a La Paz  |b Garza Azul  |c 2002 
650 0 |a Historiadores  |9 314498 
651 0 |a Bolivia  |9 255454 
583 |a last modification  |c 20140409 03:23:58  |k Rodrigo Vera 
999 |c 317640  |d 317638 
952 |0 0  |1 0  |4 0  |6 907_840000000000000_BAP_2002  |7 0  |8 A  |9 394242  |a BIBHIS  |b BIBHIS  |d 2019-11-22  |i 4277244  |o 907.84 BAP 2002  |p 4277244  |r 2025-01-20  |w 2019-11-22  |y BK  |k HIS